| 000 | 00572nam a2200205Ia 4500 | ||
|---|---|---|---|
| 001 | 3271 | ||
| 003 | GE_BSU | ||
| 008 | 181216s||||||||xx |||||||||||||| ||und|| | ||
| 040 | _cGE_BSU | ||
| 080 | _a656.13 | ||
| 100 | _aСавицкий,Б.П | ||
| 245 | _aМеханизация и централизация учета в газовых автотранспортных предприятиях | ||
| 245 | _cРЕд.А.П.Седова | ||
| 260 | _aМ | ||
| 260 | _bТранспорт | ||
| 260 | _c1973 | ||
| 300 | _a408 стр | ||
| 300 | _c21см. | ||
| 942 | _cBK | ||
| 999 |
_c37312 _d37312 |
||